[Event "IND-ch U11 20th"]
[Site "Chennai"]
[Date "2006.11.06"]
[Round "4"]
[White "Vishnu Sharon, R."]
[Black "Fenil, Shah"]
[Result "0-1"]
[WhiteElo "1953"]
[BlackElo "2112"]
[PlyCount "56"]
[EventDate "2006.11.04"]
[EventType "swiss"]
[EventRounds "11"]
[EventCountry "IND"]
[SourceTitle "EXT 2010"]
[Source "ChessBase"]
[SourceDate "2010.11.25"]
[SourceVersion "1"]
[SourceVersionDate "2010.11.25"]
[SourceQuality "1"]

1. e4 d5 2. exd5 Qxd5 3. Nc3 Qa5 4. d4 Nf6 5. Nf3 c6 6. Bc4 Bf5 7. Ne5 e6 8. g4 Bg6 9. h4 Nbd7 10. Nxd7 Nxd7 11. h5 Be4 12. Rh3 Bd5 13. Bd3 0-0-0 14. Bd2 Qc7 15. Nxd5 exd5 16. Qe2 Bd6 17. 0-0-0 Nf6 18. f3 Rhe8 19. Qf2 h6 20. Kb1 Bf4 21. c3 Kb8 22. Rhh1 Re7 23. a3 Rde8 24. Ka2 Bxd2 25. Qxd2 Qg3 26. Rdf1 Re3 27. Rhg1 Qf4 28. Be2 Qh2 0-1